[Event "HUN-chT2 Asztalos 0506"]
[Site "Hungary"]
[Date "2006.03.19"]
[Round "9"]
[White "Raba, Rudolf"]
[Black "Kovacs, Jozsef Robert"]
[Result "0-1"]
[WhiteElo "2027"]
[BlackElo "1893"]
[PlyCount "82"]
[EventDate "2005.10.16"]
[EventType "team-tourn"]
[EventRounds "11"]
[EventCountry "HUN"]
[SourceTitle "EXT 2009"]
[Source "ChessBase"]
[SourceDate "2008.11.26"]
[SourceVersion "1"]
[SourceVersionDate "2008.11.26"]
[SourceQuality "1"]
[WhiteTeam "Fehervar"]
[BlackTeam "Koppany"]
[WhiteTeamCountry "HUN"]
[BlackTeamCountry "HUN"]

1. d4 Nf6 2. Nf3 e6 3. Bg5 Be7 4. e3 h6 5. Bh4 Ne4 6. Bxe7 Qxe7 7. c3 b6 8. Bd3 Bb7 9. Qc2 d5 10. Nbd2 Nxd2 11. Qxd2 Nd7 12. Bb5 c6 13. Ba4 Qd6 14. 0-0 a5 15. Bc2 f5 16. b3 g5 17. h3 Ke7 18. Nh2 Nf6 19. f3 h5 20. e4 dxe4 21. fxe4 fxe4 22. Qxg5 Rhf8 23. Bxe4 Rf7 24. Rf3 Rg8 25. Qh4 e5 26. dxe5 Qxe5 27. Re1 Kf8 28. Bxc6 Qc5+ 29. Kf1 Qxc6 30. Qd4 Qb5+ 31. c4 Qg5 32. Qd6+ Kg7 33. Rf2 Kh8 34. g4 Rgg7 35. Nf3 Bxf3 36. Rxf3 hxg4 37. hxg4 Qxg4 38. Qh2+ Kg8 39. Rf4 Nh5 40. Re8+ Kh7 41. Rxf7 Qd1+ 0-1

[Event "Balatonlelle op-B"]
[Site "Balatonlelle "]
[Date "2005.06.21"]
[Round "4"]
[White "Kovacs, Jozsef Robert"]
[Black "Haszon, David"]
[Result "1/2-1/2"]
[WhiteElo "1905"]
[BlackElo "1695"]
[PlyCount "58"]
[EventDate "2005.06.18"]
[EventType "swiss"]
[EventRounds "9"]
[EventCountry "HUN"]
[SourceTitle "EXT 2008"]
[Source "ChessBase"]
[SourceDate "2007.11.25"]
[SourceVersion "1"]
[SourceVersionDate "2007.11.25"]
[SourceQuality "1"]

1. d4 Nf6 2. Nf3 g6 3. c4 Bg7 4. Nc3 d5 5. cxd5 Nxd5 6. e4 Nxc3 7. bxc3 0-0 8. Be2 c5 9. 0-0 cxd4 10. cxd4 Nc6 11. Be3 Bg4 12. e5 f6 13. Qb3+ Kh8 14. Qxb7 Rc8 15. Rac1 Bxf3 16. Bxf3 Nxd4 17. Bxd4 Rxc1 18. Rxc1 Qxd4 19. Qxe7 fxe5 20. Rd1 Qc3 21. h3 Bh6 22. Kf1 Qc4+ 23. Kg1 Qc3 24. Kf1 Qc4+ 25. Kg1 Qxa2 26. Rd7 Qg8 27. Bd5 Qg7 28. Rxa7 Qxe7 29. Rxe7 Bg7 1/2-1/2

[Event "Balatonlelle op-B"]
[Site "Balatonlelle "]
[Date "2005.06.20"]
[Round "3"]
[White "Frink, Ferenc"]
[Black "Kovacs, Jozsef Robert"]
[Result "1-0"]
[WhiteElo "2185"]
[BlackElo "1905"]
[PlyCount "45"]
[EventDate "2005.06.18"]
[EventType "swiss"]
[EventRounds "9"]
[EventCountry "HUN"]
[SourceTitle "EXT 2008"]
[Source "ChessBase"]
[SourceDate "2007.11.25"]
[SourceVersion "1"]
[SourceVersionDate "2007.11.25"]
[SourceQuality "1"]

1. e4 c5 2. b4 cxb4 3. a3 d5 4. e5 Qa5 5. d4 Bf5 6. Bd3 Bxd3 7. Qxd3 e6 8. Ne2 Ne7 9. 0-0 Ng6 10. f4 Be7 11. g4 Nd7 12. f5 Nh4 13. Be3 h5 14. fxe6 fxe6 15. Nf4 Nf8 16. Nxh5 Kd7 17. Nd2 bxa3 18. Rf7 Rxh5 19. gxh5 Ke8 20. Rxe7+ Kxe7 21. Rxa3 Qc7 22. Bg5+ Kd7 23. Bxh4 1-0

[Event "Balatonlelle op-B"]
[Site "Balatonlelle "]
[Date "2005.06.18"]
[Round "1"]
[White "Vukovic, Ivo"]
[Black "Kovacs, Jozsef Robert"]
[Result "1-0"]
[WhiteElo "2179"]
[BlackElo "1905"]
[PlyCount "85"]
[EventDate "2005.06.18"]
[EventType "swiss"]
[EventRounds "9"]
[EventCountry "HUN"]
[SourceTitle "EXT 2008"]
[Source "ChessBase"]
[SourceDate "2007.11.25"]
[SourceVersion "1"]
[SourceVersionDate "2007.11.25"]
[SourceQuality "1"]

1. Nf3 d5 2. g3 Nf6 3. Bg2 e6 4. 0-0 Be7 5. d3 0-0 6. Nbd2 c5 7. e4 Nc6 8. Re1 d4 9. a4 e5 10. Nc4 Qc7 11. Nh4 Bg4 12. f3 Be6 13. Nf5 Qd7 14. Nxe7+ Qxe7 15. b3 Nd7 16. Bd2 a6 17. a5 Rfb8 18. f4 f6 19. Qh5 b5 20. axb6 Nxb6 21. Na5 Nxa5 22. Rxa5 Bf7 23. Qg4 Be6 24. Qh4 Nd7 25. Rea1 Rb6 26. Qh5 Bf7 27. Qd1 Nb8 28. Rc1 Nc6 29. Raa1 a5 30. Qg4 Rba6 31. Bh3 R6a7 32. Ra4 Nb4 33. fxe5 fxe5 34. Raa1 a4 35. Rxa4 Rxa4 36. bxa4 Rxa4 37. Qc8+ Qf8 38. Qc7 Ra2 39. Rf1 Ra6 40. Bxb4 cxb4 41. Rxf7 Ra1+ 42. Kg2 Qxf7 43. Qc8+ 1-0